50 World Cities Everyone Should Know - Statistics

General Stats
  • This quiz has been taken 303 times
  • The average score is 38 of 50
Answer Stats
Hint City % Correct
Spanish capital Madrid
99%
Capital of the Netherlands Amsterdam
96%
Ancient Grecian capital Athens
95%
Capital of China Beijing
93%
Capital of Germany Berlin
92%
Argentinian capital Buenos Aires
91%
Largest coastal city in Spain Barcelona
90%
Famous for its Harbour Bridge and Opera House Sydney
90%
Capital of the British Empire London
89%
Home to Hollywood Los Angeles
89%
Formerly called Leningrad Saint Petersburg
89%
Largest city named after Alexander the Great Alexandria
88%
Capital of Colombia Bogota
87%
Capital of Iraq Baghdad
86%
Largest city in Peru Lima
86%
Korean megacity Seoul
86%
Biggest city in South Africa Johannesburg
85%
The holiest city in Islam Mecca
85%
Italian city of canals Venice
85%
The city that never sleeps New York City
84%
Home to the headquarters of the EU Brussels
83%
Home to Sugarloaf Mountain and Christ the Redeemer Rio de Janeiro
83%
Home the tallest building in the world Dubai
82%
Island city state in South East Asia Singapore
82%
Formerly called Constantinople Istanbul
80%
Where Jesus was crucified Jerusalem
80%
Most populous Indian city Delhi
79%
Richest city in India Mumbai
79%
Chilean capital Santiago
79%
Largest city on Java Jakarta
77%
The 'City of Lights' Paris
77%
Largest African city Cairo
76%
The Eternal City Rome
76%
Host of the 2021 Olympic Games Tokyo
75%
Biggest city in Canada Toronto
75%
Formerly a territory of the UK, returned in 1997 Hong Kong
74%
Capital next to the canal that splits the Americas Panama City
74%
Capital in the Himalayas Kathmandu
73%
Moroccan city that is the namesake of a famous movie Casablanca
71%
Most populated European city Moscow
69%
Largest city in Malaysia Kuala Lumpur
68%
Most populated city outside of Asia Mexico City
62%
Largest city in Luzon Manila
60%
Home to Table Mountain Cape Town
59%
Most populated city in the world (by urban area) Guangzhou
57%
Has the largest container port in the world Shanghai
51%
Famous for a fire started by a cow Chicago
42%
Most visited city in the world Bangkok
32%
Most liveable city for 7 consecutive years Melbourne
29%
The most liveable city in the world (2021) Auckland
24%
No matching quizzes found
Score Distribution
Percent of People with Each Score
Percentile by Number Answered
Your Score History
You have not taken this quiz